Normal view
MARC view
Entry Nombre personal
001 - NÚMERO DE CONTROL
- campo de control: 923
003 - IDENTIFICADOR DE NÚMERO DE CONTROL
- campo de control: AR-BaBN
005 - FECHA Y HORA DE LA ÚLTIMA TRANSACCIÓN
- campo de control: 20260319143024.0
008 - ELEMENTOS DE DATO DE LONGITUD-FIJA
- campo de control de longitud fija: 130307nn acznnaabn |a aaa
016 7# - NÚMERO DE CONTROL DE UNA AGENCIA BIBLIOGRÁFICA NACIONAL
- Número de control del registro: 000025973
- Fuente: AR-BaBN
024 7# - IDENTIFICADOR DE OTROS ESTÁNDARES
- Número estándar o código: 9842249
- Fuente: viaf
- URI de un objeto del mundo real: http://viaf.org/viaf/9842249
040 ## - FUENTE DE CATALOGACIÓN
- Centro catalogador/agencia de origen: AR-BaBN
- Lengua de catalogación: spa
- Centro/agencia transcriptor: AR-BaBN
046 ## - FECHAS CON CODIFICACIÓN ESPECIAL
- Fecha de nacimiento: 1914
- Fecha de la muerte: 1984
- Fuente del esquema de fecha: edtf
075 ## - TIPO DE ENTIDAD
- Término tipo de entidad: persona
- Fuente: rda
100 1# - ENCABEZAMIENTO-NOMBRE DE PERSONA
- Nombre de persona: Ariès, Philippe,
- Fechas asociadas al nombre: 1914-1984
670 ## - FUENTE DE DATOS ENCONTRADOS
- Cita de la fuente: Catálogo BNA, 06-03-13:
- Información encontrada: (encab.: Ariès, Philippe, 1914-1984)
670 ## - FUENTE DE DATOS ENCONTRADOS
- Cita de la fuente: Catálogo LC, 06-03-13:
- Información encontrada: (encab.: Ariès, Philippe)
670 ## - FUENTE DE DATOS ENCONTRADOS
- Cita de la fuente: Catálogo BNF, 06-03-13:
- Información encontrada: (Ariès, Philippe; 1914-1984; Historiador; Director del Centro de Documentación del Instituto Francés; Director de estudios de la Ecole des Hautes Etudes en Sciences Sociales)